Abriendo brechas, enfrentando muros y avizorando futuros (Registro nro. 382)
[ vista simple ]
| 000 -LEADER | |
|---|---|
| campo de control de longitud fija | 00398nam a2200133Ia 4500 |
| 008 - DATOS DE LONGITUD FIJA--INFORMACIÓN GENERAL | |
| campo de control de longitud fija | 220328t2018||||xx |||||||||||||| ||spa|| |
| 020 ## - NÚMERO INTERNACIONAL ESTÁNDAR DEL LIBRO | |
| Número Internacional Estándar del Libro | 978-9929-702-20-2 |
| 040 ## - FUENTE DE CATALOGACIÓN | |
| Centro catalogador/agencia de origen | ODONTO |
| Lengua de catalogación | spa |
| Centro/agencia transcriptor | ODONTO |
| Centro/agencia modificador | ODONTO |
| 041 ## - CÓDIGO DE IDIOMA | |
| Código de lengua del texto/banda sonora o título independiente | spa |
| 082 ## - NÚMERO DE LA CLASIFICACIÓN DECIMAL DEWEY | |
| Número de clasificación | C.E. 305.42 M816 |
| 100 ## - ENTRADA PRINCIPAL--NOMBRE DE PERSONA | |
| Nombre de persona | Monzon M, Ana Silvia, comp. |
| 9 (RLIN) | 1111 |
| 245 #0 - MENCIÓN DEL TÍTULO | |
| Título | Abriendo brechas, enfrentando muros y avizorando futuros |
| 260 ## - PUBLICACIÓN, DISTRIBUCIÓN, ETC. | |
| Lugar de publicación, distribución, etc. | Guatemala |
| Nombre del editor, distribuidor, etc. | CEFEM |
| Fecha de publicación, distribución, etc. | 2018 |
No hay ítems disponibles.

